000 00348nam a2200133Ia 4500
008 231129s9999||||xx |||||||||||||| ||spa||
020 _a84-206-1505-6 (v.1)
040 _bspa
082 _aR E863.03 C392d
100 _aCela Camilo José
245 0 _aDiccionario secreto 2
264 _aAlianza
942 _2ddc
_cBKS
999 _c9504
_d9504